| 000 | 00736nam a2200241 a 4500 | ||
|---|---|---|---|
| 001 | 000008050 | ||
| 005 | 20200929154417.0 | ||
| 008 | 870810s1983 sp 000 f spa d | ||
| 040 |
_aDO-SdBNP _cMH _dBNPHU |
||
| 082 |
_a863.64 _bD353ca |
||
| 100 | 1 |
_aDelibes, Miguel, _d1920-2010 _93297 |
|
| 245 | 1 | 0 |
_aCartas de amor de un sexagenario voluptuoso / _cMiguel Delibes. |
| 260 |
_aBarcelona : _bClub Internacional del Libro, _c1983. |
||
| 300 |
_a157 p. ; _c21 cm. |
||
| 490 | 1 | _aUniversidad de Alcalá | |
| 586 | _aPremio Cervantes 1993. | ||
| 650 | 4 |
_aNovela española _91123 |
|
| 650 | 4 |
_aLiteratura española _9632 |
|
| 830 | 0 |
_aUniversidad de Alcalá _921957 |
|
| 910 | _aCatalogación derivada | ||
| 910 | _aWM | ||
| 049 | _aBNGR | ||
| 999 |
_c7827 _d7827 |
||